Femininomenon (lyrics) - Chappell Roan - Statistics

General Stats
  • This quiz has been taken 46 times
  • The average score is 334 of 410
Answer Stats
Hint Answer % Correct
I
100%
a
94%
A
94%
fem
94%
it
92%
what
92%
femininomenon
89%
Chorus | Pre-Chorus Hit
89%
It's
89%
it's
89%
need
89%
you
89%
You
89%
and
86%
And
86%
bitch
86%
go
86%
like
86%
Make
86%
on
86%
can
83%
fucking
83%
get
83%
Get
83%
is
83%
John
83%
me?
83%
of
83%
Papa
83%
play
83%
Play
83%
pom
83%
so
83%
Verse 2 So
83%
we
83%
with
83%
beat?
81%
beat
81%
He
81%
he
81%
hot
81%
rom
81%
song
81%
the
81%
don't
78%
I'm
78%
in
78%
love
78%
sick
78%
but
75%
But
75%
can't
75%
know
75%
really
75%
Why
75%
any
72%
coffee,
72%
Bridge Ladies,
72%
"Let's
72%
let's
72%
man
72%
mean
72%
meet
72%
pictures
72%
understand
72%
up"
72%
your
72%
Boston
69%
does
69%
old
69%
out
69%
phone
69%
Verse 1 Same
69%
sex
69%
story,
69%
time
69%
friends
67%
girlfriend
67%
Got
67%
happen?
67%
him
67%
his
67%
lost
67%
mother
67%
pretend
67%
said
67%
sorry
67%
such
67%
that
67%
then
67%
to
67%
working
67%
about
64%
again
64%
at
64%
back
64%
'Bout
64%
feeling
64%
good
64%
he's
64%
how
64%
lover
64%
online
64%
playlists
64%
say
64%
second
64%
sent
64%
stop
64%
wanted
64%
Crying
61%
disappeared
61%
folding
61%
goddamn
61%
laundry
61%
listened
61%
Lying
61%
nail
61%
Should've
61%
you're
61%
close
58%
from
58%
Stuck
58%
suburbs,
58%
Did
50%
Dude,
50%
hear
50%
Um,
47%
Well,
47%
slon
0%
No matching quizzes found
Score Distribution
Percent of People with Each Score
Percentile by Number Answered
Your Score History
You have not taken this quiz